Web-based instruction :a guide for libraries(E-BOOK) (Record no. 193062)

000 -LEADER
fixed length control field 01278 a2200409 4500
003 - CONTROL NUMBER IDENTIFIER
control field Nust
005 - DATE AND TIME OF LATEST TRANSACTION
control field 20170207154050.0
020 ## - INTERNATIONAL STANDARD BOOK NUMBER
International Standard Book Number 0-8389-0908-6 (pbk.) :
035 ## - SYSTEM CONTROL NUMBER
System control number (Uk)013250863
040 ## - CATALOGING SOURCE
Transcribing agency Nust
082 04 - DEWEY DECIMAL CLASSIFICATION NUMBER
Classification number 025.560785
100 1# - MAIN ENTRY--PERSONAL NAME
Personal name Smith, Susan Sharpless
245 10 - TITLE STATEMENT
Title Web-based instruction :a guide for libraries(E-BOOK)
Statement of responsibility, etc. Susan Sharpless Smith
250 ## - EDITION STATEMENT
Edition statement 2. ed.
260 ## - PUBLICATION, DISTRIBUTION, ETC.
Place of publication, distribution, etc. Chicago, Ill. ;
-- London :
Name of publisher, distributor, etc. American Library Association,
Date of publication, distribution, etc. 2005
300 ## - PHYSICAL DESCRIPTION
Extent xv, 263 s. ;
Dimensions 26 cm.
500 ## - GENERAL NOTE
General note Previous ed.: 2001
650 #0 - SUBJECT ADDED ENTRY--TOPICAL TERM
Topical term or geographic name entry element Bibliotek
650 #0 - SUBJECT ADDED ENTRY--TOPICAL TERM
Topical term or geographic name entry element Bibliotekskunskap
General subdivision studier och undervisning
650 #0 - SUBJECT ADDED ENTRY--TOPICAL TERM
Topical term or geographic name entry element Bibliotekskunskap
General subdivision studier och undervisning
-- h?olan
650 #0 - SUBJECT ADDED ENTRY--TOPICAL TERM
Topical term or geographic name entry element Computer managed instruction
650 #0 - SUBJECT ADDED ENTRY--TOPICAL TERM
Topical term or geographic name entry element Computer-assisted instruction
650 #0 - SUBJECT ADDED ENTRY--TOPICAL TERM
Topical term or geographic name entry element Datorst?undervisning
650 #0 - SUBJECT ADDED ENTRY--TOPICAL TERM
Topical term or geographic name entry element Internet
650 #0 - SUBJECT ADDED ENTRY--TOPICAL TERM
Topical term or geographic name entry element Internet
650 #0 - SUBJECT ADDED ENTRY--TOPICAL TERM
Topical term or geographic name entry element Libraries
650 #0 - SUBJECT ADDED ENTRY--TOPICAL TERM
Topical term or geographic name entry element Libraries and the Internet
650 #0 - SUBJECT ADDED ENTRY--TOPICAL TERM
Topical term or geographic name entry element Library orientation
650 #0 - SUBJECT ADDED ENTRY--TOPICAL TERM
Topical term or geographic name entry element Library orientation for college students
650 #0 - SUBJECT ADDED ENTRY--TOPICAL TERM
Topical term or geographic name entry element Library orientation
General subdivision Computer-assisted instruction
650 #0 - SUBJECT ADDED ENTRY--TOPICAL TERM
Topical term or geographic name entry element Library Web sites
General subdivision Design
650 #0 - SUBJECT ADDED ENTRY--TOPICAL TERM
Topical term or geographic name entry element Web sites
General subdivision Design
650 #0 - SUBJECT ADDED ENTRY--TOPICAL TERM
Topical term or geographic name entry element Web sites
General subdivision Design
650 #0 - SUBJECT ADDED ENTRY--TOPICAL TERM
Topical term or geographic name entry element Web-based instruction
650 #0 - SUBJECT ADDED ENTRY--TOPICAL TERM
Topical term or geographic name entry element Webbdesign
651 ## - SUBJECT ADDED ENTRY--GEOGRAPHIC NAME
Geographic name E-BOOK
942 ## - ADDED ENTRY ELEMENTS (KOHA)
Source of classification or shelving scheme
Koha item type Book
Holdings
Withdrawn status Lost status Source of classification or shelving scheme Damaged status Not for loan Collection code Permanent Location Current Location Date acquired Total Checkouts Full call number Barcode Date last seen Price effective from Koha item type
            Military College of Signals (MCS) Military College of Signals (MCS) 12/12/2016   025.560785 SMI MCSEB-2840 12/08/2016 12/12/2016 Book
© 2023 Central Library, National University of Sciences and Technology. All Rights Reserved.